000 00388nam a22001457a 4500
082 _aP-507
100 _aWaqas Javed
_948302
245 _aDevelopment of a financial feasibility analysis framework for highway bot projects
260 _aRisalpur:
_bMCE
_cc2013
300 _a69p,;
_c26cm
526 _a0
_b0
_c0
_dP_507
650 _aProject
700 _aSohail Malik
942 _2ddc
_cBK
999 _c551290
_d551290